| 000 | 00378nam a2200145Ia 4500 | ||
|---|---|---|---|
| 008 | 150201s1995 xx 000 0 und d | ||
| 082 |
_a574.876 _bM1995A |
||
| 100 | _aALPRES DAVID | ||
| 245 | _aMANUAL OF NUTRITIONAL THERAPEUTICS | ||
| 250 | _a3RD | ||
| 260 |
_bA LITTLE BROWN & COMPANY _aBOSTON (LONDON) _c1995 |
||
| 300 | _a1-613 | ||
| 650 | _aPHYSIOTHERAPY | ||
| 942 |
_2ddc _cBK |
||
| 999 |
_c4058 _d4058 |
||